| 000 | 00614nam a22002057a 4500 | ||
|---|---|---|---|
| 999 |
_c3971 _d3971 |
||
| 003 | OSt | ||
| 005 | 20190328153730.0 | ||
| 008 | 181127b ||||| |||| 00| 0 eng d | ||
| 020 | _a0802880266 | ||
| 040 | _cDLC | ||
| 082 |
_aREF 230.42 _bC168I |
||
| 100 | _aCalvin, John | ||
| 245 |
_aInstitutes Of The Christian Religion / _bBy John Calvin. |
||
| 260 |
_aMichigan, USA : _bWM. B. Eerdmans Publishing Company, _cc1983. |
||
| 300 | _a582 p.: | ||
| 630 | _aInstitutes Of The Christian Religion | ||
| 650 |
_aGrace Of Christ _xKnowledge Of God |
||
| 650 |
_aJohn Calvin _xLeading Of Holy Spirit |
||
| 942 |
_2ddc _cREF |
||